Văn hóa của nhóm nghèo ở Việt Nam - thực trạng và giải pháp = Culture of poverty - current situation and solution /

Guardado en:
Detalles Bibliográficos
Otros Autores: Bùi Hoài Sơn, Lương Hồng Quang (chủ biên), Nguyễn Tuấn Anh, Phạm Nam Thanh, Trần Lan Hương
Formato: Sách giấy
Lenguaje:Vietnamese
Publicado: H. : Văn hóa Thông tin , 2001
Etiquetas: Agregar Etiqueta
Sin Etiquetas, Sea el primero en etiquetar este registro!
Thư viện lưu trữ: Thư viện Trường Đại học Đà Lạt
LEADER 00945nam a2200313 4500
001 DLU040029156
005 ##20040920
020 # # |a 978- 
041 # # |a vie 
082 # # |a 305.569  |b Van 
245 # # |a Văn hóa của nhóm nghèo ở Việt Nam - thực trạng và giải pháp =  |b Culture of poverty - current situation and solution /  |c Lương Hồng Quang chủ biên, ... [và những người khác] 
260 # # |a H. :  |b Văn hóa Thông tin ,  |c 2001 
300 # # |a 280 tr.;   |c 21 cm. 
504 # # |a Tài liệu tham khảo :tr.272-277 
700 # # |a Bùi Hoài Sơn 
700 # # |a Lương Hồng Quang  |e chủ biên 
700 # # |a Nguyễn Tuấn Anh 
700 # # |a Phạm Nam Thanh 
700 # # |a Trần Lan Hương 
923 # # |a 29/2004 
992 # # |a 32500 
994 # # |a DLU 
900 # # |a True 
911 # # |a Đào Thị Thu Huyền 
925 # # |a G 
926 # # |a A 
927 # # |a SH 
980 # # |a Thư viện Trường Đại học Đà Lạt